000 00351nam a2200145Ia 4500
008 230917s9999||||xx |||||||||||||| ||und||
040 _e52878
_aMAIN
041 _aEnglish
082 _a954.5 I6A
100 _aInnes, Arthur D
245 0 _aAnnexation of Punjab
260 _aDelhi
_bNational Book Shop
_c1984
300 _aviii, 204 p.
942 _cBK
999 _c51504
_d51504